Dinge die mit Q anfangen (Kenshin Edition) - Statistiken

Allgemein
  • Dieses Quiz wurde 176 mal gespielt
  • Das Durchschnittsergebnis liegt bei 8 aus 16
Antwortstatistiken
Bildquiz Antwort % Korrekt
Qualle
100%
Queen
99%
QR Code
86%
Quarz
79%
Quark
77%
Qualm
75%
Quelle
50%
Québec
46%
Quito
40%
Quedlinburg
39%
Quastenflosser
28%
Quasar
19%
Qing Dynastie
12%
Quechua
7%
Quezon City
5%
Qoo
1%
Keine übereinstimmenden Quizze gefunden
Verteilung der Resultate
Anzahl Personen mit jedem Resultat
Perzentil nach korrekt beantworteten Fragen
Ihre Resultats-Entwicklung
Sie haben dieses Quiz noch nicht gespielt